| 000 | 00710 a2200205 4500 | ||
|---|---|---|---|
| 010 | _aENG-89148 | ||
| 020 |
_a0070656864 _c795.00 |
||
| 035 | _aEN-72681 | ||
| 037 | _bDBAD / PUB | ||
| 082 | 1 | 4 | _a355.0330954 |
| 090 |
_c10411 _d10411 |
||
| 100 | 1 | _aPaleri, Prabhakaran | |
| 245 | 1 |
_aNational Security : _bImperatives and Challenges/ _cby Prabhakaran Paleri |
|
| 260 |
_aNew Delhi _bTata McGraw-Hill Publishing _c2008 |
||
| 270 |
_a7, West Patel Nagar _bNew Delhi _e110008 _mwww.tatamcgrawhill.com |
||
| 300 |
_aviii,521p _c24cm (Hb.) |
||
| 710 | _bDBAD / PUB | ||
| 942 |
_adpl _cEN _k355.033054/PAL |
||
| 999 |
_c10148 _d10148 |
||